000 00320nam a2200133 4500
999 _c510615
_d510615
008 190826b ||||| |||| 00| 0 eng d
100 _aMishra, Richa
_98891
245 _aBiogas- a story untold
260 _c2019
300 _ap.30-31.
773 _aYojana
906 _aEnergy resources - Biogas
942 _2ddc
_cAR